000 00762nam a2200229Ii 4500
003 JO-AjNU
008 230605s9999||||xx |||||||||||||| ||und||
017 _a97/5300
020 _a911-200-174-2
040 _aJO-AjNU
_bara
_erda
_cJO-AjNU
041 _aara
050 1 4 _aK5226.S29.1997
100 3 _a منتصر ، السبد سعد ,
_eauthor
_99062
245 0 0 _aالمزورون
250 _a(د،ط)
264 3 1 _aالقاهرة : مكتبة النهضة المصرية ، 1997
300 _a139ص
336 _atext
_btxt
_2rdacontent
337 _aunmediated
_bn
_2rdamedia
338 _avolume
_bnc
_2rdacarrier
650 4 _aالتزوير -- مصر -- القانون الجنائي -- مصر -- الجريمة والمجرمون -- مصر
_99063
999 _aA1107
_c4675
_d4675